000 01220cam a2200349 a 4500
001 3857583
003 OSt
005 20210417102312.0
008 881128s1989 ctu 000 0 eng c
010 _a 88038450
020 _a0838578918
040 _aDNLM/DLC
_cDLC
_dDLC
050 1 0 _aRC58
_b.P7 1989
060 _aW 18 P896
080 _a61
_bP-90
082 0 0 _a616/.0076
_219
100 _990
_aMargolis, Simeon
245 0 4 _aThe Practice of medicine :
_ba self-assessment guide /
_cedited by Simeon Margolis, Brent G. Petty.
250 _a4th ed.
260 _aNorwalk, Conn. :
_bAppleton & Lange,
_cc1989.
300 _a315 p. ;
_c28 cm.
500 _aQuestions and answers based on: The Principles and practice of medicine. 22nd ed. / edited by A. McGehee Harvey ... [et al.]. c1988.
650 0 _aInternal medicine
_xExaminations, questions, etc.
650 2 _aMedicine
_xexamination questions.
653 _aშინაგანი მედიცინა
653 _aმედიცინა
700 1 _aMargolis, Simeon,
_d1931-
700 1 _aPetty, Brent G.
730 0 _aPrinciples and practice of medicine.
906 _a7
_bcbc
_corignew
_d1
_eocip
_f19
_gy-gencatlg
942 _2udc
_cBK
_e4
999 _c150
_d150